Mali, Kosovo ou Tadjikistan FOOT - Statistiques

Statistiques générales
  • Ce quiz a été pris 30 fois
  • Le résultat moyen est 6 sur 15
Statistiques - réponses
Question Réponse % Correct
Qui est toujours en lice pour se qualifier à la coupe du monde 2026 ? (match de qualif le 26 Mars à venir) Kosovo
87%
Qui a gagné un match car l'arbitre, se sentant mourir, a sifflé la fin du match prématurément ? Mali
74%
Qui n'a jamais joué la phase finale de sa coupe continentale ? Kosovo
61%
Qui s'est qualifié en finale de sa coupe continentale (perdue) pour sa 1ere participation ? Mali
52%
Lequel de ces pays a un championnat tellement nul qu'il n'y a que 10 clubs dans sa ligue principale ? Kosovo
48%
Qui a perdu une finale au nombre de corners obtenus pendant le match ? (critère pour déterminer le vainqueur après un 0-0 en prolongation) Mali
48%
Qui a eu un joueur se faisant appelé "l'elastique" ? (il etait quand même guez hein faut pas croire) Mali
43%
Qui est l'actuel 100eme au classement FIFA ? (le 8mars 2026) Tadjikistan
43%
Qui est resté sur une série de 15 matches sans défaite seulement 1 an après sa création ? Kosovo
39%
Qui a gagné la Merdeka Cup en remportant 1 seul match ? (dans un stade de 87k places) Tadjikistan
30%
Qui a vu un de ses joueurs U17 marquer 14 buts en un seul match ? Tadjikistan
30%
Qui a réussi l'exploit de se prendre 2 buts par les Comores (c'est assez rare pour être souligné) Kosovo
26%
Lequel de ces pays a un championnat tellement nul que le vainqueur est le même depuis 2014 ? Tadjikistan
26%
Lequel de ces pays a un championnat tellement nul qu'un match a été interrompu car la balle s'est coincée sur le toit du stade ? Kosovo
17%
Lequel de ces pays a un championnat tellement nul qu'un match a été interrompu par une chèvre ? Mali
13%
Aucun quiz correspondant
Distribution des résultats
% des personnes avec chaque résultat
Percentile par nombre de réponses
Votre historique - résultats
Vous n’avez pas pris ce quiz